• 首页
  • 本馆介绍
  • 公告通知
  • 最新文献
  • 馆藏检索
  • 电子资源
  • 读者荐购
  • 参考咨询
  • CALIS
  • 我的图书馆
  • 登录
  • 详细信息显示
  • 放入我的书架
  • 预约/预借图书
  • 作者相关作品
  • 分类相关作品
  • 丛书相关作品
  • 出版社相关作品

书目信息

  • 表格格式
  • 工作单格式
  • 卡片格式
题名:
概率论与数理统计教程 (第五版) 同步辅导及习题全解
    
 
作者: 郭志梅 主编
分册:  
出版信息: 北京   中国水利水电出版社  2014.11
页数: 208页
开本: 23cm
丛书名: 九章丛书
单 册:
中图分类: O21
科图分类:
主题词: 数理统计--shu li tong ji--高等学校--教学参考资料 , 概率论--gai lv lun--高等学校--教学参考资料
电子资源:
ISBN: 978-7-5170-2532-0
 
 
 
 
 
000 01350nam 2200313 450
001 CAL 0120141462730
005 20150819155150.39
010    @a978-7-5170-2532-0@dCNY21.80
100    @a20150116d2014 em y0chiy50 ea
101 0  @achi
102    @aCN@b110000
105    @aak z 000yy
106    @ar
200 1  @a概率论与数理统计教程 (第五版) 同步辅导及习题全解@Agai lv lun yu shu li tong ji jiao cheng ( di wu ban ) tong bu fu dao ji xi ti quan jie@f主编郭志梅
210    @a北京@c中国水利水电出版社@d2014.11
215    @a208页@c图@d23cm
225 2  @a九章丛书@Ajiu zhang cong shu
225 2  @a高校经典教材同步辅导丛书@Agao xiao jing dian jiao cai tong bu fu dao cong shu@e配套高教版@i数学类
300    @a新版
330    @a本书是《概率论与数理统计教程 (第五版) 》一书的配套同步辅导及习题全解辅导书。共有9章, 分别介绍随机事件及其概率、随机变量及其分布、随机变量的数字特征、正态分布、数理统计的基本知识、参数估计、假设检验、方差分析、回归分析。全真考题详解四部分内容。
410  0 @12001 @a九章丛书
410  0 @12001 @a高校经典教材同步辅导丛书 (配套高教版)@i数学类
586    @a
606 0  @a数理统计@Ashu li tong ji@x高等学校@j教学参考资料
606 0  @a概率论@Agai lv lun@x高等学校@j教学参考资料
690    @aO21@v5
701  0 @a郭志梅@Aguo zhi mei@4主编
801  0 @aCN@c20150820
905    @a河南城建学院图书馆@dO21@eG874@f3
    
    概率论与数理统计教程 (第五版) 同步辅导及习题全解/主编郭志梅.-北京:中国水利水电出版社,2014.11
    208页:图;23cm.-(九章丛书).-(高校经典教材同步辅导丛书:配套高教版.数学类)
    新版
    
    ISBN 978-7-5170-2532-0:CNY21.80
    本书是《概率论与数理统计教程 (第五版) 》一书的配套同步辅导及习题全解辅导书。共有9章, 分别介绍随机事件及其概率、随机变量及其分布、随机变量的数字特征、正态分布、数理统计的基本知识、参数估计、假设检验、方差分析、回归分析。全真考题详解四部分内容。
●
相关链接 在E读中查询图书 在当当中查询图书 在豆瓣中查询图书


正题名:概率论与数理统计教程 (第五版) 同步辅导及     索取号:O21/G874         预约/预借

序号 登录号 条形码 馆藏地/架位号 状态 备注
1 1166311   211663118   自科库401/401自科库 46排2列5层/ [索取号:O21/G874] 在馆    
2 1166312   211663127   自科库401/401自科库 46排2列5层/ [索取号:O21/G874] 在馆    
3 1166313   211663136   自科库401/401自科库 46排2列5层/ [索取号:O21/G874] 在馆    
河南城建学院图书馆 欢迎您!
大连网信软件有限公司© 版权所有